00451nam a2200181 a 4500001001300000003000900013005001700022008004100039020002500080082001700105100001700122245001700139260003200156300000900188500003500197505002000232700001700252nice12345678IN_TiNIC20260116013145.0050524s1980 lona grp 000 0 eng  a0863044 c227.500a297.4bSHA17 aShah, Idries aDermis Probe aLondonbOctagon Pressc1980 a191p aincludes index and biblioraphy2 aGlossary, Index1 aShah, Idries